[Event "Victoria de Giron Cup tt"]
[Site "Matanzas"]
[Date "2018.10.05"]
[Round "8.4"]
[White "Borges Feria, Yasel"]
[Black "Muguercia Donner, Rayner"]
[Result "1-0"]
[WhiteElo "2432"]
[BlackElo "2168"]
[PlyCount "29"]
[EventDate "2018.10.02"]
[EventType "team-tourn"]
[EventRounds "9"]
[EventCountry "CUB"]
[SourceTitle "EXT 2021"]
[Source "ChessBase"]
[SourceDate "2020.10.23"]
[SourceVersion "1"]
[SourceVersionDate "2020.10.23"]
[SourceQuality "1"]

1. e4 e5 2. Nf3 Nc6 3. Nc3 Nf6 4. Bb5 d6 5. d4 exd4 6. Nxd4 Bd7 7. 0-0 Be7 8. Re1 0-0 9. Bxc6 bxc6 10. Qf3 Ng4 11. Nxc6 Bxc6 12. Qxg4 f5 13. exf5 Bd7 14. Nd5 Rf7 15. Rxe7 1-0

[Event "Victoria de Giron Cup tt"]
[Site "Matanzas"]
[Date "2018.10.04"]
[Round "5.2"]
[White "Muguercia Donner, Rayner"]
[Black "Miranda Rodriguez, Tania"]
[Result "0-1"]
[WhiteElo "2168"]
[BlackElo "2152"]
[PlyCount "53"]
[EventDate "2018.10.02"]
[EventType "team-tourn"]
[EventRounds "9"]
[EventCountry "CUB"]
[SourceTitle "EXT 2021"]
[Source "ChessBase"]
[SourceDate "2020.10.23"]
[SourceVersion "1"]
[SourceVersionDate "2020.10.23"]
[SourceQuality "1"]

1. e4 c5 2. Nf3 d6 3. d4 cxd4 4. Nxd4 Nf6 5. Nc3 a6 6. Bg5 e6 7. Qf3 h6 8. Bh4 Nbd7 9. 0-0-0 Be7 10. Bg3 Qc7 11. Be2 0-0 12. Qe3 b5 13. Bxb5 axb5 14. Ndxb5 Qc5 15. Bxd6 Qxe3+ 16. fxe3 Bxd6 17. Nxd6 Ne5 18. Nxc8 Rfxc8 19. h3 Nc4 20. Rd3 Rab8 21. Na4 Nxe4 22. Rf1 Rb4 23. b3 Na3 24. Kb2 Nc4+ 25. Kc1 Ne5 26. Rdd1 f5 27. Rh1 0-1